|
|
|
|
| LEADER |
00000nam a2200000 a 4500 |
| 001 |
vtls010319775 |
| 003 |
SK-MaSNL |
| 005 |
20260301173328.0 |
| 008 |
151112s2011 xo l d p 000 0 slo |
| 015 |
|
|
|a SNBA2012/03-01409
|
| 020 |
|
|
|a 9788055206356 (brož.)
|
| 035 |
|
|
|a 3CDEF74B-9E2E-42CF-BBAD-F1AE75346507
|
| 035 |
|
|
|a urn:nbn:sk:snk-amjxnr
|
| 035 |
|
|
|a urn:nbn:sk:snk-am007ztr
|
| 040 |
|
|
|a SNK
|b slo
|c SNK
|e AACR2
|
| 041 |
0 |
|
|a slo
|
| 044 |
|
|
|a xo
|c SK
|
| 072 |
|
7 |
|a 658
|x Riadenie a správ a podniku
|2 konspekt
|
| 080 |
|
|
|a 658
|2 2001
|
| 080 |
|
|
|a 658.152
|2 2001
|
| 080 |
|
|
|a (075.8)
|2 2001
|
| 080 |
|
|
|a (076.5)
|2 2001
|
| 100 |
1 |
|
|a Ladvenicová, Jana,
|d 1980-
|4 aut
|9 189037
|
| 245 |
1 |
0 |
|a Príklady na cvičenia z ekonomiky investičných projektov
|c Jana Miklovičová, Ľubomír Gurčík
|
| 250 |
|
|
|a 1. vyd.
|
| 260 |
|
|
|a Nitra
|b Slovenská poľnohospodárska univerzita
|c 2011
|
| 300 |
|
|
|a 78 s.
|b tab.
|c 30 cm
|
| 366 |
|
|
|e 300 výt.
|
| 504 |
|
|
|a Bibliogr. s. 78
|
| 650 |
0 |
7 |
|a podniková ekonomika
|2 SNKPH
|9 3955
|
| 650 |
0 |
7 |
|a podnikové investície
|2 SNKPH
|9 68536
|
| 650 |
0 |
7 |
|a Managerial economics
|2 SNKPHeng
|9 267336
|
| 650 |
0 |
7 |
|a Capital investments
|2 SNKPHeng
|9 337424
|
| 655 |
|
7 |
|a učebnice vysokých škôl
|2 SNKPH
|9 70191
|
| 655 |
|
7 |
|a praktické cvičenia
|2 SNKPH
|9 70517
|
| 655 |
|
7 |
|a Textbooks (higher)
|2 SNKPHeng
|9 276436
|
| 655 |
|
7 |
|a Problems, exercises, etc.
|2 SNKPHeng
|9 278342
|
| 700 |
1 |
|
|a Gurčík, Ľubomír,
|d 1961-
|4 aut
|9 193530
|
| 852 |
|
|
|a Štátna vedecká knižnica v Banskej Bystrici
|
| 919 |
|
|
|a 978-80-552-0635-6
|
| 958 |
|
|
|a NB
|
| 968 |
|
|
|d 65
|
| 999 |
|
|
|c 836366
|d 838296
|
| 952 |
|
|
|a SNK
|b SNK
|y PREZ
|7 0
|p 17A0833623
|o snkSB 82198
|i snk2011/24039
|8 0
|0 0
|1 0
|4 0
|d 2011-12-07
|f 1
|l 0
|r 2025-05-06 00:00:00
|w 2026-02-24
|
| 952 |
|
|
|a SNK
|b SNK
|y VYP
|7 0
|p 17A0833653
|o snkSB 82198 D1
|i snk2011/24040
|8 0
|0 0
|1 0
|4 0
|d 2011-12-07
|l 0
|r 2016-06-30 00:00:00
|w 2026-02-24
|